Cinta tak bertuan

Bibliographic Details
Main Author: Leemadnoor
Other Authors: Mali Jaafar (Illustrator)
Format: Book
Published: Kuala Lumpur : Creative Enterprise 995
Series:Novel remaja creative
Subjects:

MARC

LEADER 00000cam a2200000 7i4500
001 0000007456
002 000008015
005 20000330.0
020 |a 983893240X 
090 0 0 |a F   |b LEE 
100 0 |a Leemadnoor 
245 1 0 |a Cinta tak bertuan   |c Leemadnoor 
260 |a Kuala Lumpur :   |b Creative Enterprise 995 
300 |a 157p. ;   |c 17cm. 
490 0 |a Novel remaja creative 
650 0 0 |a Love stories 
700 0 |a Mali Jaafar ,   |e ill 
999 |a 052180   |b BUKU   |c PINJAMAN   |e PERPUSTAKAAN KOMUNITI PETALING JAYA 
999 |a 052181   |b BUKU   |c PINJAMAN   |e PERPUSTAKAAN KOMUNITI PETALING JAYA 
999 |a 052182   |b BUKU   |c PINJAMAN   |e PERPUSTAKAAN KOMUNITI PETALING JAYA 
999 |a 055402   |b BUKU   |c FICTION   |e PERPUSTAKAAN KOMUNITI CAW KOTA DAMANSARA